[Event "DEM U12 2021"]
[Site "Willingen GER"]
[Date "2021.08.23"]
[Round "1"]
[White "Chugunov, Ivan"]
[Black "Ehses, Julius"]
[Result "1-0"]
[Termination "normal"]
[Board "26"]
[WhiteElo "1488"]
[BlackElo "1102"]
[WhiteClock "00:28:35"]
[BlackClock "00:15:21"]
[PlyCount "141"]
[WhiteFideId "16256808"]
[BlackFideId "16294920"]
[EventCountry "GER"]
[EventRounds "9"]
[EventType "swiss"]
[EventDate "2021.08.22"]

1. e4 {[%clk 01:30:51]} {[%emt 00:00:08]} e5 {[%clk 01:30:57]} {[%emt
00:00:04]} 2. Nf3 {[%clk 01:31:05]} {[%emt 00:00:16]} Nf6 {[%clk 01:31:20]}
{[%emt 00:00:07]} 3. Nc3 {[%clk 01:31:03]} {[%emt 00:00:32]} Nc6 {[%clk
01:31:42]} {[%emt 00:00:09]} 4. Bb5 {[%clk 01:30:50]} {[%emt 00:00:43]} d6
{[%clk 01:30:10]} {[%emt 00:02:01]} 5. O-O {[%clk 01:30:18]} {[%emt 00:01:02]}
Be7 {[%clk 01:29:53]} {[%emt 00:00:48]} 6. d4 {[%clk 01:29:15]} {[%emt
00:01:33]} exd4 {[%clk 01:27:21]} {[%emt 00:03:02]} 7. Nxd4 {[%clk 01:27:17]}
{[%emt 00:02:28]} Bd7 {[%clk 01:27:25]} {[%emt 00:00:27]} 8. h3 {[%clk
01:22:32]} {[%emt 00:05:15]} O-O {[%clk 01:24:59]} {[%emt 00:02:56]} 9. a4
{[%clk 01:18:53]} {[%emt 00:04:08]} Re8 {[%clk 01:14:53]} {[%emt 00:10:37]} 10.
f4 {[%clk 01:16:44]} {[%emt 00:02:39]} Nxd4 {[%clk 01:12:23]} {[%emt 00:03:00]}
11. Qxd4 {[%clk 01:15:38]} {[%emt 00:01:36]} Bxb5 {[%clk 01:12:04]} {[%emt
00:00:49]} 12. axb5 {[%clk 01:14:49]} {[%emt 00:01:19]} a6 {[%clk 01:07:00]}
{[%emt 00:05:34]} 13. bxa6 {[%clk 01:13:21]} {[%emt 00:01:59]} Rxa6 {[%clk
01:05:16]} {[%emt 00:02:14]} 14. Rxa6 {[%clk 01:12:24]} {[%emt 00:01:27]} bxa6
{[%clk 01:05:39]} {[%emt 00:00:06]} 15. b3 {[%clk 01:11:36]} {[%emt 00:01:18]}
c5 {[%clk 00:59:46]} {[%emt 00:06:23]} 16. Qc4 {[%clk 01:10:36]} {[%emt
00:01:29]} Qa8 {[%clk 00:57:55]} {[%emt 00:02:21]} 17. Bb2 {[%clk 01:06:03]}
{[%emt 00:05:03]} Bd8 {[%clk 00:51:55]} {[%emt 00:06:31]} 18. Re1 {[%clk
01:01:51]} {[%emt 00:04:40]} Ba5 {[%clk 00:48:56]} {[%emt 00:03:30]} 19. e5
{[%clk 00:58:05]} {[%emt 00:04:17]} dxe5 {[%clk 00:43:55]} {[%emt 00:05:30]}
20. Rxe5 {[%clk 00:55:11]} {[%emt 00:03:23]} Qc8 {[%clk 00:39:48]} {[%emt
00:04:33]} 21. Qxc5 {[%clk 00:52:09]} {[%emt 00:03:36]} Qxc5+ {[%clk 00:38:43]}
{[%emt 00:01:35]} 22. Rxc5 {[%clk 00:51:17]} {[%emt 00:01:22]} Bb6 {[%clk
00:38:39]} {[%emt 00:00:34]} 23. Na4 {[%clk 00:50:05]} {[%emt 00:01:42]} Bxc5+
{[%clk 00:38:40]} {[%emt 00:00:29]} 24. Nxc5 {[%clk 00:50:23]} {[%emt
00:00:11]} Rc8 {[%clk 00:38:23]} {[%emt 00:00:47]} 25. Ba3 {[%clk 00:50:15]}
{[%emt 00:00:38]} Nh5 {[%clk 00:36:57]} {[%emt 00:01:56]} 26. c4 {[%clk
00:49:13]} {[%emt 00:01:32]} a5 {[%clk 00:36:27]} {[%emt 00:01:00]} 27. Nb7
{[%clk 00:48:07]} {[%emt 00:01:35]} Nxf4 {[%clk 00:35:40]} {[%emt 00:01:17]}
28. Nxa5 {[%clk 00:47:38]} {[%emt 00:00:59]} Nd3 {[%clk 00:35:02]} {[%emt
00:01:08]} 29. Bd6 {[%clk 00:47:03]} {[%emt 00:01:05]} f5 {[%clk 00:34:18]}
{[%emt 00:01:14]} 30. Kf1 {[%clk 00:43:47]} {[%emt 00:03:45]} Kf7 {[%clk
00:34:25]} {[%emt 00:00:24]} 31. Ke2 {[%clk 00:43:44]} {[%emt 00:00:33]} Ke6
{[%clk 00:29:15]} {[%emt 00:05:40]} 32. Ba3 {[%clk 00:38:04]} {[%emt 00:06:10]}
Ne5 {[%clk 00:26:39]} {[%emt 00:03:07]} 33. Kd2 {[%clk 00:34:46]} {[%emt
00:03:46]} Nc6 {[%clk 00:23:45]} {[%emt 00:03:25]} 34. Nb7 {[%clk 00:34:18]}
{[%emt 00:00:59]} Ra8 {[%clk 00:22:59]} {[%emt 00:01:17]} 35. Bb2 {[%clk
00:32:11]} {[%emt 00:02:36]} g5 {[%clk 00:22:43]} {[%emt 00:00:45]} 36. Kc3
{[%clk 00:31:41]} {[%emt 00:00:59]} Rb8 {[%clk 00:21:04]} {[%emt 00:02:10]} 37.
Nc5+ {[%clk 00:31:14]} {[%emt 00:00:58]} Kd6 {[%clk 00:21:21]} {[%emt
00:00:13]} 38. Ba3 {[%clk 00:30:37]} {[%emt 00:01:07]} Ra8 {[%clk 00:20:15]}
{[%emt 00:01:36]} 39. Na4+ {[%clk 00:28:29]} {[%emt 00:02:38]} Kc7 {[%clk
00:19:37]} {[%emt 00:01:08]} 40. Bc5 {[%clk 00:26:59]} {[%emt 00:02:00]} g4
{[%clk 00:16:24]} {[%emt 00:03:39]} 41. Be3 {[%clk 00:23:47]} {[%emt 00:03:47]}
gxh3 {[%emt 00:01:31]} 42. gxh3 {[%emt 00:00:24]} Rf8 {[%clk 00:14:04]} {[%emt
00:00:56]} 43. Bf4+ {[%clk 00:23:47]} {[%emt 00:00:29]} Kb7 {[%clk 00:13:51]}
{[%emt 00:00:42]} 44. Nc5+ {[%clk 00:23:44]} {[%emt 00:00:35]} Ka7 {[%clk
00:13:02]} {[%emt 00:01:19]} 45. b4 {[%clk 00:22:12]} {[%emt 00:02:02]} Rf7
{[%clk 00:12:04]} {[%emt 00:01:16]} 46. b5 {[%clk 00:21:14]} {[%emt 00:01:39]}
Ne7 {[%clk 00:12:00]} {[%emt 00:00:33]} 47. Kb4 {[%clk 00:20:02]} {[%emt
00:01:43]} Ng6 {[%clk 00:12:03]} {[%emt 00:00:27]} 48. Be3 {[%clk 00:19:40]}
{[%emt 00:00:51]} f4 {[%clk 00:10:13]} {[%emt 00:02:20]} 49. Bf2 {[%clk
00:17:16]} {[%emt 00:02:53]} f3 {[%clk 00:09:35]} {[%emt 00:01:10]} 50. Ne6+
{[%clk 00:16:48]} {[%emt 00:00:58]} Kb8 {[%clk 00:09:22]} {[%emt 00:00:41]} 51.
Nd8 {[%clk 00:13:20]} {[%emt 00:04:00]} Rd7 {[%clk 00:06:28]} {[%emt 00:03:23]}
52. Nc6+ {[%clk 00:13:03]} {[%emt 00:00:48]} Kc7 {[%clk 00:06:26]} {[%emt
00:00:29]} 53. Nd4 {[%clk 00:12:38]} {[%emt 00:00:57]} Ne5 {[%clk 00:05:47]}
{[%emt 00:01:03]} 54. Kc3 {[%clk 00:11:18]} {[%emt 00:01:57]} Kd6 {[%clk
00:03:46]} {[%emt 00:02:31]} 55. b6 {[%clk 00:05:41]} {[%emt 00:06:08]} Rd8
{[%clk 00:29:34]} {[%emt 00:04:40]} 56. c5+ {[%clk 00:31:58]} {[%emt 00:04:14]}
Kd7 {[%clk 00:27:51]} {[%emt 00:02:13]} 57. Bg3 {[%clk 00:28:42]} {[%emt
00:03:46]} Kc8 {[%clk 00:15:02]} {[%emt 00:13:19]} 58. Bxe5 {[%clk 00:26:58]}
{[%emt 00:02:14]} f2 {[%clk 00:15:19]} {[%emt 00:00:13]} 59. c6 {[%clk
00:27:23]} {[%emt 00:00:06]} Rxd4 {[%clk 00:14:32]} {[%emt 00:01:17]} 60. b7+
{[%clk 00:27:23]} {[%emt 00:00:31]} Kd8 {[%clk 00:14:45]} {[%emt 00:00:16]} 61.
b8=Q+ {[%clk 00:26:16]} {[%emt 00:01:37]} Ke7 {[%clk 00:14:19]} {[%emt
00:00:13]} 62. Kxd4 {[%clk 00:25:39]} {[%emt 00:01:51]} f1=Q {[%clk 00:14:09]}
{[%emt 00:00:24]} 63. Qd6+ {[%clk 00:26:07]} {[%emt 00:00:18]} Ke8 {[%clk
00:13:46]} {[%emt 00:00:53]} 64. Qe6+ {[%clk 00:26:24]} {[%emt 00:00:12]} Kf8
{[%clk 00:13:54]} {[%emt 00:00:22]} 65. Qf6+ {[%clk 00:26:47]} {[%emt
00:00:07]} Qxf6 {[%clk 00:14:06]} {[%emt 00:00:18]} 66. Bxf6 {[%clk 00:27:10]}
{[%emt 00:00:07]} h5 {[%clk 00:14:26]} {[%emt 00:00:09]} 67. c7 {[%clk
00:27:33]} {[%emt 00:00:08]} Kf7 {[%clk 00:14:43]} {[%emt 00:00:13]} 68. c8=Q
{[%clk 00:27:46]} {[%emt 00:00:17]} h4 {[%clk 00:15:01]} {[%emt 00:00:11]} 69.
Ke5 {[%clk 00:27:56]} {[%emt 00:00:19]} Kg6 {[%clk 00:15:23]} {[%emt 00:00:09]}
70. Qg8+ {[%clk 00:28:15]} {[%emt 00:00:12]} Kh5 {[%clk 00:15:21]} {[%emt
00:00:12]} 71. Qg5 {[%clk 00:28:35]} {[%emt 00:00:29]} 1-0

[Event "DEM U12 2021"]
[Site "Willingen GER"]
[Date "2021.08.23"]
[Round "1"]
[White "Quartz, Konstantin"]
[Black "Jahnz, Laurin"]
[Result "0-1"]
[Termination "normal"]
[Board "27"]
[WhiteElo "1027"]
[BlackElo "1546"]
[WhiteClock "01:20:59"]
[BlackClock "01:02:15"]
[PlyCount "92"]
[WhiteFideId "34604383"]
[BlackFideId "16261089"]
[EventCountry "GER"]
[EventRounds "9"]
[EventType "swiss"]
[EventDate "2021.08.22"]

1. e4 {[%clk 01:30:59]} {[%emt 11:01:25]} d5 {[%clk 01:30:57]} {[%emt
00:00:03]} 2. exd5 {[%clk 01:31:21]} {[%emt 00:00:08]} Qxd5 {[%clk 01:31:23]}
{[%emt 00:00:04]} 3. Nc3 {[%clk 01:31:49]} {[%emt 00:00:02]} Qd8 {[%clk
01:31:48]} {[%emt 00:00:06]} 4. d4 {[%clk 01:32:05]} {[%emt 00:00:13]} Nf6
{[%clk 01:32:14]} {[%emt 00:00:04]} 5. Nf3 {[%clk 01:32:30]} {[%emt 00:00:06]}
g6 {[%clk 01:32:37]} {[%emt 00:00:06]} 6. b3 {[%clk 01:31:41]} {[%emt
00:01:19]} Bg7 {[%clk 01:32:34]} {[%emt 00:00:34]} 7. Bb2 {[%clk 01:31:28]}
{[%emt 00:00:42]} O-O {[%clk 01:32:33]} {[%emt 00:00:30]} 8. Ng5 {[%clk
01:31:44]} {[%emt 00:00:14]} h6 {[%clk 01:28:45]} {[%emt 00:04:19]} 9. h4
{[%clk 01:31:37]} {[%emt 00:00:36]} hxg5 {[%clk 01:25:16]} {[%emt 00:03:59]}
10. hxg5 {[%clk 01:31:56]} {[%emt 00:00:11]} Nh7 {[%clk 01:25:35]} {[%emt
00:00:12]} 11. Qd2 {[%clk 01:31:44]} {[%emt 00:00:42]} Qxd4 {[%clk 01:24:02]}
{[%emt 00:02:03]} 12. O-O-O {[%clk 01:31:25]} {[%emt 00:00:48]} Qxd2+ {[%clk
01:24:09]} {[%emt 00:00:24]} 13. Rxd2 {[%clk 01:31:51]} {[%emt 00:00:03]} Nxg5
{[%clk 01:24:30]} {[%emt 00:00:09]} 14. f4 {[%clk 01:31:28]} {[%emt 00:00:52]}
Nh7 {[%clk 01:12:12]} {[%emt 00:12:48]} 15. g3 {[%clk 01:31:36]} {[%emt
00:00:23]} Be6 {[%clk 01:07:19]} {[%emt 00:05:22]} 16. Rdh2 {[%clk 01:31:54]}
{[%emt 00:00:11]} Nf6 {[%clk 01:07:20]} {[%emt 00:00:31]} 17. Nb5 {[%clk
01:22:33]} {[%emt 00:09:51]} Na6 {[%clk 01:05:14]} {[%emt 00:02:35]} 18. Bh3
{[%clk 01:21:46]} {[%emt 00:01:17]} Bd5 {[%clk 01:05:23]} {[%emt 00:00:21]} 19.
Rg1 {[%clk 01:20:58]} {[%emt 00:01:18]} c6 {[%clk 01:02:27]} {[%emt 00:03:26]}
20. c4 {[%clk 01:18:39]} {[%emt 00:02:48]} cxb5 {[%clk 01:01:50]} {[%emt
00:01:08]} 21. cxd5 {[%clk 01:19:08]} {[%emt 00:00:01]} Nxd5 {[%clk 01:02:08]}
{[%emt 00:00:12]} 22. Bxg7 {[%clk 01:19:36]} {[%emt 00:00:03]} Kxg7 {[%clk
01:02:29]} {[%emt 00:00:09]} 23. Bg2 {[%clk 01:19:56]} {[%emt 00:00:06]} e6
{[%clk 01:02:32]} {[%emt 00:00:30]} 24. Bxd5 {[%clk 01:18:22]} {[%emt
00:02:04]} exd5 {[%clk 01:02:55]} {[%emt 00:00:07]} 25. g4 {[%clk 01:18:46]}
{[%emt 00:00:06]} Rh8 {[%clk 01:02:43]} {[%emt 00:00:40]} 26. Rd2 {[%clk
01:17:58]} {[%emt 00:01:20]} Rac8+ {[%clk 01:02:33]} {[%emt 00:00:40]} 27. Kb2
{[%clk 01:18:17]} {[%emt 00:00:11]} b4 {[%clk 01:02:46]} {[%emt 00:00:17]} 28.
f5 {[%clk 01:18:24]} {[%emt 00:00:23]} g5 {[%clk 01:03:08]} {[%emt 00:00:08]}
29. Rxd5 {[%clk 01:18:31]} {[%emt 00:00:23]} Rh2+ {[%clk 01:03:32]} {[%emt
00:00:05]} 30. Kb1 {[%clk 01:18:44]} {[%emt 00:00:18]} Rcc2 {[%clk 01:03:51]}
{[%emt 00:00:10]} 31. f6+ {[%clk 01:18:46]} {[%emt 00:00:29]} Kg6 {[%clk
01:04:13]} {[%emt 00:00:06]} 32. Rd8 {[%clk 01:18:08]} {[%emt 00:01:10]} Rb2+
{[%clk 01:04:35]} {[%emt 00:00:08]} 33. Ka1 {[%clk 01:18:37]} {[%emt 00:00:02]}
Rxa2+ {[%clk 01:04:57]} {[%emt 00:00:08]} 34. Kb1 {[%clk 01:19:05]} {[%emt
00:00:01]} Rhb2+ {[%clk 01:01:08]} {[%emt 00:04:17]} 35. Kc1 {[%clk 01:18:33]}
{[%emt 00:01:04]} Ra1+ {[%clk 01:00:12]} {[%emt 00:01:26]} 36. Kxb2 {[%clk
01:18:52]} {[%emt 00:00:11]} Rxg1 {[%clk 01:00:40]} {[%emt 00:00:02]} 37. Rg8+
{[%clk 01:19:10]} {[%emt 00:00:11]} Kxf6 {[%clk 01:00:34]} {[%emt 00:00:36]}
38. Ra8 {[%clk 01:19:33]} {[%emt 00:00:07]} Rg2+ {[%clk 01:00:51]} {[%emt
00:00:12]} 39. Kc1 {[%clk 01:19:45]} {[%emt 00:00:17]} Nc5 {[%clk 01:01:04]}
{[%emt 00:00:18]} 40. Rxa7 {[%clk 01:20:02]} {[%emt 00:00:14]} Nxb3+ {[%clk
01:01:27]} {[%emt 00:00:07]} 41. Kb1 {[%clk 01:20:20]} {[%emt 00:00:12]} Nc5
{[%clk 01:01:43]} {[%emt 00:00:13]} 42. Ra5 {[%clk 01:20:41]} {[%emt 00:00:10]}
Nd3 {[%clk 01:01:14]} {[%emt 00:00:58]} 43. Rf5+ {[%clk 01:20:50]} {[%emt
00:00:21]} Kg6 {[%clk 01:01:38]} {[%emt 00:00:06]} 44. Rb5 {[%clk 01:21:02]}
{[%emt 00:00:19]} Rxg4 {[%clk 01:01:53]} {[%emt 00:00:14]} 45. Rxb7 {[%clk
01:21:27]} {[%emt 00:00:06]} b3 {[%clk 01:02:15]} {[%emt 00:00:08]} 46. Ra7
{[%clk 01:20:59]} {[%emt 00:00:59]} Rg1# 0-1

[Event "DEM U12 2021"]
[Site "Willingen GER"]
[Date "2021.08.23"]
[Round "1"]
[White "Herrmann, Jakob"]
[Black "Rückel, Felix"]
[Result "1-0"]
[Termination "normal"]
[Board "28"]
[WhiteElo "1531"]
[BlackElo "994"]
[WhiteClock "00:42:33"]
[BlackClock "00:15:23"]
[PlyCount "131"]
[WhiteFideId "16287169"]
[BlackFideId "34608826"]
[EventCountry "GER"]
[EventRounds "9"]
[EventType "swiss"]
[EventDate "2021.08.22"]

1. e4 {[%clk 01:30:57]} {[%emt 00:00:02]} e5 {[%clk 01:30:46]} {[%emt
00:00:15]} 2. Nf3 {[%clk 01:31:20]} {[%emt 00:00:07]} Nc6 {[%clk 01:30:56]}
{[%emt 00:00:19]} 3. d4 {[%clk 01:31:42]} {[%emt 00:00:09]} exd4 {[%clk
01:29:14]} {[%emt 00:02:12]} 4. Nxd4 {[%clk 01:32:02]} {[%emt 00:00:09]} Nxd4
{[%clk 01:28:17]} {[%emt 00:01:28]} 5. Qxd4 {[%clk 01:32:30]} {[%emt 00:00:02]}
d6 {[%clk 01:18:06]} {[%emt 00:10:41]} 6. Nc3 {[%clk 01:30:35]} {[%emt
00:02:26]} Qf6 {[%clk 01:16:38]} {[%emt 00:01:55]} 7. Be3 {[%clk 01:27:12]}
{[%emt 00:03:55]} Qxd4 {[%clk 01:13:48]} {[%emt 00:03:20]} 8. Bxd4 {[%clk
01:27:40]} {[%emt 00:00:02]} a6 {[%clk 01:10:56]} {[%emt 00:03:22]} 9. Nd5
{[%clk 01:25:57]} {[%emt 00:02:13]} Kd8 {[%clk 01:09:25]} {[%emt 00:02:01]} 10.
O-O-O {[%clk 01:23:49]} {[%emt 00:02:37]} Be6 {[%clk 01:08:13]} {[%emt
00:01:42]} 11. Bc4 {[%clk 01:20:48]} {[%emt 00:03:32]} Kd7 {[%clk 00:59:57]}
{[%emt 00:08:46]} 12. e5 {[%clk 01:18:26]} {[%emt 00:02:52]} Bxd5 {[%clk
00:56:24]} {[%emt 00:04:02]} 13. Bxd5 {[%clk 01:16:01]} {[%emt 00:02:55]} f6
{[%clk 00:50:10]} {[%emt 00:06:43]} 14. Bxb7 {[%clk 01:15:28]} {[%emt
00:01:04]} Re8 {[%clk 00:47:17]} {[%emt 00:03:23]} 15. exd6 {[%clk 01:12:21]}
{[%emt 00:03:36]} Bxd6 {[%emt 00:02:03]} 16. c4 {[%emt 00:00:25]} Ke7 {[%clk
00:44:00]} {[%emt 00:01:12]} 17. Rhe1+ {[%clk 01:09:37]} {[%emt 00:03:21]} Kf8
{[%clk 00:43:11]} {[%emt 00:01:19]} 18. Rxe8+ {[%clk 01:09:25]} {[%emt
00:00:43]} Kxe8 {[%clk 00:43:22]} {[%emt 00:00:18]} 19. Bxa6 {[%clk 01:09:38]}
{[%emt 00:00:18]} Ne7 {[%clk 00:41:42]} {[%emt 00:02:09]} 20. g3 {[%clk
01:09:08]} {[%emt 00:01:01]} Kf7 {[%clk 00:41:40]} {[%emt 00:00:33]} 21. c5
{[%clk 01:09:09]} {[%emt 00:00:29]} Be5 {[%clk 00:41:31]} {[%emt 00:00:38]} 22.
Bxe5 {[%clk 01:08:58]} {[%emt 00:00:42]} fxe5 {[%clk 00:41:45]} {[%emt
00:00:15]} 23. Rd7 {[%clk 01:09:18]} {[%emt 00:00:10]} c6 {[%clk 00:40:15]}
{[%emt 00:02:01]} 24. Bb7 {[%clk 01:09:10]} {[%emt 00:00:37]} Ke6 {[%clk
00:40:00]} {[%emt 00:00:44]} 25. Rd6+ {[%clk 01:09:36]} {[%emt 00:00:05]} Kf5
{[%clk 00:39:26]} {[%emt 00:01:04]} 26. Bxc6 {[%clk 01:09:55]} {[%emt
00:00:12]} Nxc6 {[%clk 00:38:36]} {[%emt 00:01:19]} 27. Rxc6 {[%clk 01:10:23]}
{[%emt 00:00:02]} h5 {[%clk 00:37:27]} {[%emt 00:01:37]} 28. Kd2 {[%clk
01:05:51]} {[%emt 00:05:04]} Ke4 {[%clk 00:35:23]} {[%emt 00:02:33]} 29. Ke2
{[%clk 00:52:05]} {[%emt 00:14:16]} Kd5 {[%clk 00:33:37]} {[%emt 00:02:16]} 30.
Rc7 {[%clk 00:51:07]} {[%emt 00:01:29]} Rb8 {[%clk 00:33:22]} {[%emt 00:00:43]}
31. b3 {[%clk 00:50:42]} {[%emt 00:00:56]} Ra8 {[%clk 00:32:46]} {[%emt
00:01:06]} 32. Rd7+ {[%clk 00:50:30]} {[%emt 00:00:42]} Kxc5 {[%clk 00:32:16]}
{[%emt 00:01:00]} 33. Rd2 {[%clk 00:50:56]} {[%emt 00:00:03]} Rh8 {[%clk
00:31:25]} {[%emt 00:01:22]} 34. h4 {[%clk 00:50:36]} {[%emt 00:00:50]} Rf8
{[%clk 00:28:56]} {[%emt 00:02:58]} 35. Ke3 {[%clk 00:50:06]} {[%emt 00:01:00]}
Kb4 {[%clk 00:27:04]} {[%emt 00:02:22]} 36. Rc2 {[%clk 00:46:58]} {[%emt
00:03:38]} Ka3 {[%clk 00:23:47]} {[%emt 00:03:47]} 37. Ke4 {[%clk 00:47:13]}
{[%emt 00:00:15]} Re8 {[%clk 00:22:16]} {[%emt 00:02:01]} 38. Rc7 {[%clk
00:39:15]} {[%emt 00:08:28]} Kxa2 {[%clk 00:21:16]} {[%emt 00:01:30]} 39. Rxg7
{[%clk 00:39:39]} {[%emt 00:00:06]} Kxb3 {[%clk 00:20:30]} {[%emt 00:01:16]}
40. Rg5 {[%clk 00:40:02]} {[%emt 00:00:08]} Rd8 {[%clk 00:19:03]} {[%emt
00:01:57]} 41. Rxh5 {[%clk 00:37:52]} {[%emt 00:02:40]} Kc4 {[%clk 00:18:59]}
{[%emt 00:00:34]} 42. Rxe5 {[%clk 00:37:14]} {[%emt 00:01:08]} Rd4 {[%clk
00:19:13]} {[%emt 00:00:15]} 43. Kf5 {[%clk 00:37:40]} {[%emt 00:00:04]} Rd8
{[%clk 00:19:18]} {[%emt 00:00:26]} 44. f4 {[%clk 00:37:01]} {[%emt 00:01:09]}
Rg8 {[%clk 00:19:06]} {[%emt 00:00:41]} 45. g4 {[%clk 00:37:17]} {[%emt
00:00:15]} Rf8+ {[%clk 00:18:46]} {[%emt 00:00:49]} 46. Ke4 {[%clk 00:37:37]}
{[%emt 00:00:10]} Rg8 {[%clk 00:18:57]} {[%emt 00:00:19]} 47. Kf3 {[%clk
00:37:35]} {[%emt 00:00:33]} Rd8 {[%clk 00:18:06]} {[%emt 00:01:21]} 48. g5
{[%clk 00:37:03]} {[%emt 00:01:02]} Rd5 {[%clk 00:17:26]} {[%emt 00:01:09]} 49.
Rxd5 {[%clk 00:37:14]} {[%emt 00:00:19]} Kxd5 {[%clk 00:17:48]} {[%emt
00:00:08]} 50. Kg4 {[%clk 00:37:40]} {[%emt 00:00:04]} Ke6 {[%clk 00:18:07]}
{[%emt 00:00:11]} 51. Kh5 {[%clk 00:37:56]} {[%emt 00:00:14]} Kf7 {[%clk
00:18:15]} {[%emt 00:00:22]} 52. Kh6 {[%clk 00:38:24]} {[%emt 00:00:02]} Kg8
{[%clk 00:18:23]} {[%emt 00:00:22]} 53. Kg6 {[%clk 00:38:51]} {[%emt 00:00:03]}
Kf8 {[%clk 00:18:31]} {[%emt 00:00:21]} 54. Kh7 {[%clk 00:39:20]} {[%emt
00:00:02]} Kf7 {[%clk 00:18:34]} {[%emt 00:00:27]} 55. g6+ {[%clk 00:39:48]}
Kf6 {[%clk 00:18:35]} {[%emt 00:00:30]} 56. g7 {[%clk 00:40:17]} {[%emt
00:00:01]} Kf5 {[%emt 00:00:16]} 57. g8=Q {[%emt 00:00:12]} Kxf4 {[%emt
00:00:22]} 58. Qe6 {[%emt 00:00:08]} Kg3 {[%clk 00:17:11]} {[%emt 00:00:30]}
59. Qf5 {[%clk 00:40:45]} Kxh4 {[%clk 00:17:22]} {[%emt 00:00:47]} 60. Qg6
{[%clk 00:41:10]} {[%emt 00:00:05]} Kh3 {[%emt 00:00:16]} 61. Kg7 {[%emt
00:00:08]} Kh4 {[%clk 00:16:31]} {[%emt 00:00:57]} 62. Kf6 {[%clk 00:41:36]}
{[%emt 00:00:05]} Kh3 {[%emt 00:00:13]} 63. Kf5 {[%emt 00:00:44]} Kh2 {[%clk
00:15:11]} {[%emt 00:00:53]} 64. Kf4 {[%clk 00:42:04]} {[%emt 00:00:03]} Kh1
{[%clk 00:15:23]} {[%emt 00:00:16]} 65. Kf3 {[%clk 00:42:33]} {[%emt 00:00:02]}
Kh2 {[%emt 00:00:17]} 66. Qg2+ {[%emt 00:00:01]} 1-0

[Event "DEM U12 2021"]
[Site "Willingen GER"]
[Date "2021.08.23"]
[Round "2"]
[White "Helms, Finn"]
[Black "Gärtner, Alessandro"]
[Result "1-0"]
[Termination "normal"]
[Board "1"]
[WhiteElo "1972"]
[BlackElo "1332"]
[WhiteClock "00:42:43"]
[BlackClock "00:53:46"]
[PlyCount "57"]
[WhiteFideId "16249143"]
[BlackFideId "16268024"]
[EventCountry "GER"]
[EventRounds "9"]
[EventType "swiss"]
[EventDate "2021.08.22"]

1. e4 {[%clk 01:30:56]} {[%emt 00:00:03]} c5 {[%clk 01:30:58]} {[%emt
00:00:02]} 2. Nf3 {[%clk 01:31:18]} {[%emt 00:00:08]} Nc6 {[%clk 01:31:26]}
{[%emt 00:00:02]} 3. d4 {[%clk 01:31:41]} {[%emt 00:00:07]} cxd4 {[%clk
01:31:53]} {[%emt 00:00:04]} 4. Nxd4 {[%clk 01:32:04]} {[%emt 00:00:06]} e5
{[%clk 01:32:12]} {[%emt 00:00:10]} 5. Nb5 {[%clk 01:29:49]} {[%emt 00:02:45]}
a6 {[%clk 01:32:36]} {[%emt 00:00:07]} 6. Nd6+ {[%clk 01:28:54]} {[%emt
00:01:24]} Bxd6 {[%clk 01:32:27]} {[%emt 00:00:38]} 7. Qxd6 {[%clk 01:29:00]}
{[%emt 00:00:25]} Qf6 {[%clk 01:32:42]} {[%emt 00:00:14]} 8. Qd1 {[%clk
01:27:48]} {[%emt 00:01:42]} Qg6 {[%clk 01:32:48]} {[%emt 00:00:24]} 9. Nc3
{[%clk 01:26:29]} {[%emt 00:01:49]} Nge7 {[%clk 01:33:02]} {[%emt 00:00:16]}
10. g3 {[%clk 01:22:02]} {[%emt 00:04:58]} d5 {[%clk 01:31:18]} {[%emt
00:02:14]} 11. exd5 {[%clk 01:05:26]} {[%emt 00:17:06]} Nb4 {[%clk 01:30:32]}
{[%emt 00:01:16]} 12. Bd3 {[%clk 01:05:00]} {[%emt 00:00:56]} Nxd3+ {[%clk
01:30:55]} {[%emt 00:00:07]} 13. cxd3 {[%clk 01:02:54]} {[%emt 00:02:36]} Bf5
{[%clk 01:28:56]} {[%emt 00:02:29]} 14. Qa4+ {[%clk 01:01:47]} {[%emt
00:01:36]} b5 {[%clk 01:28:06]} {[%emt 00:01:21]} 15. Qb4 {[%clk 00:56:44]}
{[%emt 00:05:31]} Rd8 {[%clk 01:26:52]} {[%emt 00:01:45]} 16. O-O {[%clk
00:56:16]} {[%emt 00:00:58]} Bxd3 {[%clk 01:21:34]} {[%emt 00:05:49]} 17. Re1
{[%clk 00:56:16]} {[%emt 00:00:28]} f6 {[%clk 01:18:25]} {[%emt 00:03:41]} 18.
Be3 {[%clk 00:51:45]} {[%emt 00:05:00]} Nxd5 {[%clk 01:15:05]} {[%emt
00:03:50]} 19. Nxd5 {[%clk 00:48:04]} {[%emt 00:04:10]} Rxd5 {[%clk 01:15:12]}
{[%emt 00:00:24]} 20. Rac1 {[%clk 00:46:18]} {[%emt 00:02:16]} Qf7 {[%clk
01:08:04]} {[%emt 00:07:37]} 21. Rc8+ {[%clk 00:45:37]} {[%emt 00:01:11]} Rd8
{[%clk 01:08:16]} {[%emt 00:00:19]} 22. Rec1 {[%clk 00:43:59]} {[%emt
00:02:09]} Bc4 {[%clk 00:58:04]} {[%emt 00:10:42]} 23. Rxd8+ {[%clk 00:44:06]}
{[%emt 00:00:23]} Kxd8 {[%clk 00:58:18]} {[%emt 00:00:16]} 24. b3 {[%clk
00:43:47]} {[%emt 00:00:49]} Be6 {[%clk 00:57:30]} {[%emt 00:01:17]} 25. Qd6+
{[%clk 00:42:32]} {[%emt 00:01:44]} Qd7 {[%clk 00:54:25]} {[%emt 00:03:36]} 26.
Qb8+ {[%clk 00:41:57]} {[%emt 00:01:05]} Qc8 {[%clk 00:53:02]} {[%emt
00:01:52]} 27. Rxc8+ {[%clk 00:42:01]} {[%emt 00:00:27]} Bxc8 {[%clk 00:53:30]}
{[%emt 00:00:01]} 28. Qd6+ {[%clk 00:42:19]} {[%emt 00:00:12]} Bd7 {[%clk
00:53:46]} {[%emt 00:00:14]} 29. Bb6+ {[%clk 00:42:43]} {[%emt 00:00:06]} 1-0